000 00307nam a2200133Ia 4500
008 231129s1966||||xx |||||||||||||| ||spa||
040 _bspa
082 _aU813.5 C982
100 _aCurwood James Oliver
245 0 _aNovelas : Obras completas
260 _c1966
264 _aJuventud
942 _2ddc
_cBKS
999 _c21808
_d21808